Dirección estrátegica.

I tiakina i:
Ngā taipitopito rārangi puna kōrero
Kaituhi matua: Johnson, Gerry (autor)
Ētahi atu kaituhi: Scholes, Kevan (autor), Whittington, Richard (autor), Moreno López, Yago (traductor)
Hōputu: Pukapuka
Reo:Pāniora
I whakaputaina: Madrid, España: Pearson Educación, 2006.
Putanga:Séptima edición.
Ngā marau:
Ngā Tūtohu: Tāpirihia he Tūtohu
Kāore He Tūtohu, Me noho koe te mea tuatahi ki te tūtohu i tēnei pūkete!

MARC

LEADER 00000nam a2200000 a 4500
001 UCJ0843
003 CL-VaPUC
005 20240130101638.0
008 060908e20060000SP |||||||||||||||||spa|d
999 |c 317596  |d 317594 
020 |a 8420546186 
040 |c Pontificia Universidad Católica de Valparaíso 
082 0 4 |a 658.401 JOH 2006  |2 21 
100 |a Johnson, Gerry  |e autor  |9 501243 
245 1 0 |a Dirección estrátegica.  
250 |a Séptima edición.  
260 |a Madrid, España:  |b Pearson Educación,  |c 2006. 
300 |a XXVI, 685 páginas.  
500 |a c.16. Donación Sr. Guillermo Bustos - Esc. Ingeniería Industrial. MEMO EII Nº02 / 2024- 25-01-2024 
583 |a last modification  |c 20140409 03:02:30  |k Rodrigo Vera 
650 0 |a Planificación estratégica   |9 259735 
650 0 |a Administración de empresas   |9 260833 
650 0 |a Toma de decisiones   |9 257530 
700 0 |a Scholes, Kevan  |e autor  |9 501244 
700 0 |a Whittington, Richard  |e autor  |9 501245 
700 0 |a Moreno López, Yago  |e traductor  |9 887389 
942 |c BK  |2 ddc 
945 |d 20060908 00:00:00  |a jtorresc 
952 |0 0  |1 0  |4 0  |6 658_401000000000000_JOH_2006  |7 0  |8 R  |9 394153  |a BIBENE  |b BIBENE  |d 2019-11-22  |i 427766K  |o 658.401 JOH 2006  |p 427766K  |r 2025-01-15  |w 2019-11-22  |y BK_R  |k ICO 
952 |0 0  |1 0  |4 0  |6 658_401000000000000_JOH_2006  |7 0  |8 R  |9 394154  |a BIBGIM  |b BIBGIM  |d 2019-11-22  |i 4290313  |o 658.401 JOH 2006  |p 4290313  |r 2025-01-15  |w 2019-11-22  |y BK_R  |k COM 
952 |0 0  |1 0  |4 0  |6 658_401000000000000_JOH_2006  |7 0  |8 R  |9 394155  |a BIBGIM  |b BIBGIM  |d 2019-11-22  |i 4296117  |l 1  |o 658.401 JOH 2006  |p 4296117  |r 2021-11-26  |s 2020-08-03  |w 2019-11-22  |y BK_R  |k COM 
952 |0 0  |1 0  |4 0  |6 658_401000000000000_JOH_2006  |7 0  |8 R  |9 394156  |a BIBGIM  |b BIBGIM  |d 2019-11-22  |i 4301846  |o 658.401 JOH 2006  |p 4301846  |r 2025-01-15  |w 2019-11-22  |y BK_R  |k COM 
952 |0 0  |1 0  |4 0  |6 658_401000000000000_JOH_2006  |7 0  |8 R  |9 394157  |a BIBGIM  |b BIBGIM  |d 2019-11-22  |i 4301854  |o 658.401 JOH 2006  |p 4301854  |r 2025-01-15  |w 2019-11-22  |y BK_R  |k COM 
952 |0 0  |1 0  |4 0  |6 658_401000000000000_JOH_2006  |7 0  |8 R  |9 394158  |a BIBGIM  |b BIBGIM  |d 2019-11-22  |i 4308905  |o 658.401 JOH 2006  |p 4308905  |r 2025-01-15  |w 2019-11-22  |y BK_R  |k COM 
952 |0 0  |1 0  |2 ddc  |4 0  |6 658_401000000000000_JOH_2006  |7 0  |8 A  |9 394159  |a BIBING  |b BIBING  |c RES  |d 2019-11-22  |i 4310225  |o 658.401 JOH 2006  |p 4310225  |r 2025-01-20  |w 2019-11-22  |y BK  |k EII 
952 |0 0  |1 0  |2 ddc  |4 0  |6 658_401000000000000_JOH_2006  |7 0  |8 A  |9 394160  |a BIBING  |b BIBING  |c RES  |d 2019-11-22  |i 4310233  |o 658.401 JOH 2006  |p 4310233  |r 2025-01-20  |w 2019-11-22  |y BK  |k EII 
952 |0 0  |1 0  |2 ddc  |4 0  |6 658_401000000000000_JOH_2006  |7 0  |8 A  |9 394161  |a BIBING  |b BIBING  |c RES  |d 2019-11-22  |i 4310241  |o 658.401 JOH 2006  |p 4310241  |r 2025-01-20  |w 2019-11-22  |y BK  |k EII 
952 |0 0  |1 0  |4 0  |6 658_401000000000000_JOH_2006  |7 0  |8 R  |9 394162  |a BIBGIM  |b BIBGIM  |d 2019-11-22  |i 4357701  |o 658.401 JOH 2006  |p 4357701  |r 2025-01-15  |w 2019-11-22  |y BK_R  |k COM 
952 |0 0  |1 0  |4 0  |6 658_401000000000000_JOH_2006  |7 0  |8 R  |9 394163  |a BIBGIM  |b BIBGIM  |d 2019-11-22  |i 4354966  |o 658.401 JOH 2006  |p 4354966  |r 2025-01-15  |w 2019-11-22  |y BK_R  |k COM 
952 |0 0  |1 0  |4 0  |6 658_401000000000000_JOH_2006  |7 0  |8 R  |9 394164  |a BIBGIM  |b BIBGIM  |d 2019-11-22  |i 4374908  |o 658.401 JOH 2006  |p 4374908  |r 2025-01-15  |w 2019-11-22  |y BK_R  |k COM 
952 |0 0  |1 0  |4 0  |6 658_401000000000000_JOH_2006  |7 0  |8 R  |9 394165  |a BIBGIM  |b BIBGIM  |d 2019-11-22  |i 4374916  |o 658.401 JOH 2006  |p 4374916  |r 2025-01-15  |w 2019-11-22  |y BK_R  |k COM 
952 |0 0  |1 0  |2 ddc  |4 0  |6 658_401000000000000_JOH_2006  |7 0  |8 A  |9 394166  |a BIBING  |b BIBING  |c RES  |d 2019-11-22  |i 4548671  |o 658.401 JOH 2006  |p 4548671  |r 2025-01-20  |w 2019-11-22  |y BK  |k TRA 
952 |0 0  |1 0  |2 ddc  |4 0  |6 658_401000000000000_JOH_2006  |7 0  |8 A  |9 394167  |a BIBING  |b BIBING  |c RES  |d 2019-11-22  |i 454868K  |o 658.401 JOH 2006  |p 454868K  |r 2025-01-20  |w 2019-11-22  |y BK  |k TRA 
952 |0 0  |1 0  |2 ddc  |4 0  |6 658_401000000000000_JOH_2006  |7 0  |8 A  |9 593469  |a BIBING  |b BIBING  |c RES  |d 2024-01-30  |e Donación   |i 5660221  |o 658.401 JOH 2006  |p 5660221  |r 2025-01-20  |t 16  |w 2024-01-30  |y BK  |k EII